| Tag |
First Indicator |
Second Indicator |
Subfields |
| LEADER |
00000cam a2200000 a 4500 |
| 001 |
in00001461021 |
| 005 |
20151021052159.0 |
| 008 |
980624s1997 sz a b i000 0 eng d |
| 010 |
|
|
|a 98163792
|
| 019 |
|
|
|a 35562449
|
| 020 |
|
|
|a 9221095207
|
| 035 |
|
|
|a (OCoLC)37997421
|
| 035 |
|
|
|9 AJE3012AM
|
| 040 |
|
|
|a ULL
|c DLC
|d ULL
|d IL#
|d UIU
|d TXA
|d UtOrBLW
|
| 042 |
|
|
|a lccopycat
|
| 049 |
|
|
|a TXAM
|
| 050 |
0 |
0 |
|a HD6231
|b .F67 1997
|
| 072 |
|
7 |
|a 14.02.2
|2 ilot
|
| 082 |
0 |
0 |
|a 331.3/1
|2 21
|
| 100 |
1 |
|
|a Forastieri, Valentina.
|
| 245 |
1 |
0 |
|a Children at work :
|b health and safety risks /
|c Valentina Forastieri.
|
| 264 |
|
1 |
|a Geneva :
|b International Labour Office,
|c 1997.
|
| 300 |
|
|
|a ix, 138 pages :
|b illustrations ;
|c 24 cm.
|
| 336 |
|
|
|a text
|b txt
|2 rdacontent
|
| 337 |
|
|
|a unmediated
|b n
|2 rdamedia
|
| 338 |
|
|
|a volume
|b nc
|2 rdacarrier
|
| 490 |
1 |
|
|a ILO child labour collection
|
| 504 |
|
|
|a Includes bibliographical references.
|
| 520 |
8 |
|
|a Provides an assessment of available information and discusses existing legislation, statistics, case studies and other sources of information as well as information on children's actual working conditions in selected occupations and its impact on their health. Includes procedures to identify hazardous conditions and guidance for the development of methods of assessment, protection of working children's health and awareness raising.
|
| 650 |
|
0 |
|a Child labor
|x Health aspects.
|
| 650 |
|
0 |
|a Child labor
|x Law and legislation.
|
| 650 |
|
0 |
|a Child welfare.
|
| 650 |
|
0 |
|a Industrial accidents.
|
| 650 |
|
0 |
|a Industrial hygiene
|x Law and legislation.
|
| 650 |
|
0 |
|a Industrial safety
|x Law and legislation.
|
| 650 |
|
0 |
|a Labor laws and legislation, International.
|
| 650 |
1 |
7 |
|a child labour.
|2 ilot
|
| 650 |
1 |
7 |
|a occupational health.
|2 ilot
|
| 650 |
1 |
7 |
|a occupational safety.
|2 ilot
|
| 650 |
1 |
7 |
|a developed country.
|2 ilot
|
| 650 |
1 |
7 |
|a developing country.
|2 ilot
|
| 650 |
2 |
7 |
|a ILO Convention.
|2 ilot
|
| 650 |
2 |
7 |
|a labour legislation.
|2 ilot
|
| 650 |
2 |
7 |
|a comment.
|2 ilot
|
| 650 |
2 |
7 |
|a statistical source.
|2 ilot
|
| 650 |
2 |
7 |
|a information source.
|2 ilot
|
| 650 |
2 |
7 |
|a occupational disease.
|2 ilot
|
| 650 |
2 |
7 |
|a occupational accident.
|2 ilot
|
| 650 |
2 |
7 |
|a dangerous substances.
|2 ilot
|
| 650 |
2 |
7 |
|a exposure limit.
|2 ilot
|
| 650 |
2 |
7 |
|a arduous working conditions.
|2 ilot
|
| 650 |
2 |
7 |
|a malnutritian.
|2 ilot
|
| 650 |
2 |
7 |
|a evaluation.
|2 ilot
|
| 650 |
2 |
7 |
|a medical care.
|2 ilot
|
| 650 |
2 |
7 |
|a vocational rehabilitation.
|2 ilot
|
| 650 |
2 |
7 |
|a safety training.
|2 ilot
|
| 650 |
2 |
7 |
|a health education.
|2 ilot
|
| 650 |
2 |
7 |
|a community participation.
|2 ilot
|
| 655 |
|
7 |
|a ILO pub.
|2 ilot
|
| 655 |
|
7 |
|a guide.
|2 ilot
|
| 710 |
2 |
|
|a International Labour Office.
|
| 830 |
|
0 |
|a ILO child labour collection.
|
| 856 |
7 |
|
|3 Table of contents
|u http://lcweb.loc.gov/catdir/toc/98-163792.html
|2 http
|t 0
|
| 948 |
|
|
|a c:blr
|
| 999 |
|
|
|a MARS
|
| 999 |
f |
f |
|s 97d6dbc6-c971-3cbc-a213-e8056c6f313c
|i 67607217-df52-3f5d-a3bf-01cb6f46f471
|t 0
|
| 952 |
f |
f |
|p ric
|a Texas A&M University
|b Rellis Campus
|c Joint Library Facility
|d Remote Storage
|t 0
|e HD6231 .F67 1997
|h Library of Congress classification
|i unmediated -- volume
|m A14823823725
|
| 998 |
f |
f |
|a HD6231 .F67 1997
|t 0
|l Remote Storage
|